000 00320nam a22001217a 4500
008 230608b xxu||||| |||| 00| 0 eng d
020 _a9966767436
082 _a330.97
_bKEN
245 _aEconomic Survey 2013
260 _aNairobi,Kenya
_bKenya National Bureau of Statistics
_c2013
300 _aXXIII,302p
942 _2ddc
_cBK
999 _c845
_d845